000 00443nab a2200145Ia 4500
003 ES-SlBCS
005 20210601133832.0
008 140529s1982 xxu||||| |||| 00| 0 por d
041 _apor
100 1 _aGlanzmann, José Tarcísio
_9210348
245 0 0 _aÉtica e Cibernética
_c José Tarcísio Glanzmann
650 0 4 _aÉtica-Cibernética
_9210315
773 0 _tPresença Filosofica
_gvol. 8, nº. 3-4, 1982, págs. 79-81
_wRev966
942 _cAR
999 _c602885
_d602885